Iglesias de la Comunión Anglicana - Estadísticas

Estadísticas generales
  • Esta prueba ha sido intentada 3 veces
  • La puntuación promedio es 14 de 49
Estadísticas de respuestas
Reconocimiento Nombre Número de fieles
(aproximado)
% Correcto
1534(Independencia de la Iglesia Católica) Iglesia de Inglaterra 26.000.000
100%
1962 Iglesia anglicana de Australia 3.900.000
67%
1893 Iglesia anglicana de Canadá 1.600.000
67%
1870 Iglesia anglicana del Sur de África 4.000.000
67%
1857 Iglesia anglicana en Aotearoa, Nueva Zelanda y Polinesia 580.000
67%
1871 Iglesia de Irlanda 410.000
67%
1955 Iglesia de la provincia de África Central 900.000
67%
1951 Iglesia de la provincia de África Occidental 300.000
67%
1789 Iglesia episcopal en los Estados Unidos 6.700.000
67%
1992 Iglesia anglicana de Burundi 800.000
33%
1993 Iglesia anglicana de Corea 65.000
33%
1970 Iglesia anglicana de Kenia 5.000.000
33%
1998 Iglesia anglicana de la Región Central de América 35.000
33%
1965 Iglesia anglicana de México 100.000
33%
2021 Iglesia anglicana de Mozambique y Angola 123.000
33%
1975 Iglesia anglicana de Papúa Nueva Guinea 167.000
33%
1970 Iglesia anglicana de Tanzania 2.000.000
33%
1972 Iglesia anglicana en Japón 57.000
33%
1920 Iglesia de Gales 84.000
33%
1970 Iglesia del Norte de la India 1.500.000
33%
1927 Iglesia del Sur de la India 4.000.000
33%
1979 Iglesia de Nigeria 18.000.000
33%
1965 Iglesia episcopal anglicana del Brasil 120.000
33%
1976 Iglesia episcopal en Jerusalén y Medio Oriente 40.000
33%
1990 Iglesia episcopal en las Filipinas 125.000
33%
1689 Iglesia episcopal escocesa 44.000
33%
1980 Iglesia española reformada episcopal(Dependiente del Arzobispo de Canterbury) 11.800
33%
1980 Iglesia lusitana católica apostólica evangélica(Dependiente del Arzobispo de Canterbury) 5.000
33%
1961 Iglesia Uganda 8.000.000
33%
1992 Provincia de la Iglesia anglicana del Congo 500.000
33%
1992 Provincia de la Iglesia anglicana en Ruanda 1.000.000
33%
1974 Provincia de la Iglesia episcopal de Sudán 1.000.000
33%
1919 Diócesis anglicana de territorios británicos en las Antillas o islas del mar Caribe (Dependiente del Arzobispo de Canterbury) 14.000
0%
1842 Diócesis de Gibraltar en Europa Desconocido(min. 8.000)
0%
1981 Iglesia anglicana de América del Sur 25.000
0%
2018 Iglesia anglicana de Chile 20.000
0%
1998 Iglesia anglicana de Hong Kong 29.000
0%
1975 Iglesia anglicana de Melanesia 200.000
0%
1974 Iglesia de Bangladés 16.000
0%
1970 Iglesia de Ceilán(Dependiente del Arzobispo de Canterbury) 54.200
0%
1883 Iglesia de la provincia de las Indias Occidentales 770.000
0%
1973 Iglesia de la provincia del océano Índico 505.000
0%
1995 Iglesia de la provincia del Sudeste de Asia 98.000
0%
1970 Iglesia de la provincia de Myanmar 62.000
0%
1970 Iglesia de Pakistán 500.000
0%
1966 Iglesia episcopal de Cuba(Concilio metropolitano de las Iglesias de Canadá e Indias Occidentales) 1.600
0%
2020 Provincia anglicana/episcopal de Alejandría 50.000
0%
2014 Provincia de la Iglesia episcopal de Sudán del Sur 3.500.000
0%
1977 Provincia de las Islas Malvinas(Dependiente del Arzobispo de Canterbury) 810
0%
No se encontraron pruebas coincidentes
Distribución de puntuación
Porcentaje de gente con cada puntuación
Porcentaje por número respondido
Historial de tus puntuaciones
No has intentado esta prueba.